000 01112nam a2200265Ia 4500
005 20240530110959.0
008 140319s2022 ua g b 000 0 ara d
017 _a2022/3838
_bمصر. دار الكتب
020 _a9789778611137
040 _aGCL /
_cGCL
082 0 4 _221
_a371.33
_bى ت
100 0 _aيسرى مصطفى السيد
245 1 0 _aتكنولوجيا التعليم ومخرجات التعلم فى العصر الرقمى /
_cيسرى مصطفى السيد
250 _aالاولى
260 _aالقاهرة :
_bالمركز الاكاديمى العربى،
_c2022
300 _a322 ص ؛
_c24 سم.
504 _aيشتمل على ارجاعات ببليوجرافية
650 0 7 _2qrmak
_aالتعليم الالكترونى
650 0 7 _2qrmak
_aالتعليم
_xتطبيقات الحاسب الالى
650 0 7 _2qrmak
_aالتعليم
_xاغراضة واهدافة
650 0 7 _2qrmak
_aتكنولوجيا التعليم
650 0 7 _2qrmak
_aالتعليم
_xوسائل سمعية و بصرية
942 _2ddc
_cBK
999 _c67147
_d67147